| 000 | 00898nac a22002771u 4500 | ||
|---|---|---|---|
| 003 | EG-ScBUE | ||
| 005 | 20221207104742.0 | ||
| 008 | 221207s2005 ko a f 000 0 eng d | ||
| 020 | _a8957700846 | ||
| 020 | _a8957700838 | ||
| 040 |
_aEG-ScBUE _beng _erda _cEG-ScBUE _dEG-ScBUE |
||
| 041 | 0 |
_aeng _akor |
|
| 082 | 0 | 4 |
_a725.095195 _222 _bIND |
| 245 |
_aIn detail 01 : _binterior design detail, commerce hospital. |
||
| 264 | 1 |
_aSeoul, South Korea : _bArchiworld, _c2005. |
|
| 300 |
_a175 pages : _bcolor illustrations ; _c30 cm |
||
| 336 |
_2rdacontent _atext _btxt |
||
| 337 |
_2rdamedia _aunmediated _bn |
||
| 338 |
_2rdacarrier _avolume _bnc |
||
| 546 | _aText in Korean and English. | ||
| 650 | 7 |
_aCommercial buildings _xdesigns and construction _zKorea. _2BUEsh |
|
| 650 | 7 |
_aHospitals _xdesigns and construction _zKorea. _2BUEsh |
|
| 653 | _bENGARC | ||
| 655 | _vReading book | ||
| 942 |
_cBB _2ddc |
||
| 999 |
_c3532 _d3532 |
||